LEADER 01448nam 2200421 450 001 000005230 005 20050718115200.0 010 $a88-7171-009-6 100 $a20011105d1990----km-y0itay0103----ba 101 0 $aita 102 $aIT 200 1 $aNumeri$easpetti storici linguistici e teorici dei sistemi di numerazione$fAntonio-Candido Capelo, Mario Ferrari, Giovanni Padovan 205 $a1. ed. 210 $aPadova$cDecibel$aBologna$cZanichelli$d1990 215 $a115 p.$d24 cm. 606 $aSistemi di numerazione 676 $a513.5$v(20. ed.)$9Sistemi di numerazione 700 1$aCapelo,$bAntonio-Candido$054240 701 1$aFerrari,$bMario$071042 701 1$aPadovan,$bGiovanni$0439509 801 0$aIT$bUniversità della Basilicata - B.I.A.$gRICA$2unimarc 912 $a000005230 996 $aNumeri$974536 997 $aUNIBAS BAS $aMONSCI BAS $aMONOGR BAS $aSCIENZE CAT $aMEDURI$b01$c20000807$lBAS01$h1143 CAT $c20000920$lBAS01$h1833 CAT $c20001010$lBAS01$h1636 CAT $aTORRE$b20$c20011105$lBAS01$h1250 CAT $c20050601$lBAS01$h1753 CAT $abatch$b01$c20050718$lBAS01$h1048 CAT $c20050718$lBAS01$h1107 CAT $c20050718$lBAS01$h1137 CAT $c20050718$lBAS01$h1152 FMT Z30 -1$lBAS01$LBAS01$mBOOK$1BASA2$APolo Tecnico-Scientifico$2DID$BDidattica$3PTS.s1.p10.14$9SCI/4669$64669$5S4669$820000807$f98$FConsultazione LEADER 01512nam 2200421Ia 450 001 9910698298903321 005 20060307163843.0 035 $a(CKB)4970000000046958 035 $a(OCoLC)64567135 035 $a(EXLCZ)994970000000046958 100 $a20060307d2005 ua 0 101 0 $aeng 135 $aurmn|---||||| 181 $ctxt$2rdacontent 182 $cc$2rdamedia 183 $acr$2rdacarrier 200 10$aPrivate health insurance$b[electronic resource] $enumber and market share of carriers in the small group health insurance market in 2004 210 1$aWashington, DC :$cU.S. Government Accountability Office,$d[2005] 215 $a5 pages $cdigital, PDF file 300 $aTitle from title screen (viewed on Jan. 18, 2006). 300 $aAuthor: John E. Dicken. 300 $a"October 13, 2005." 300 $aPaper version available from: U.S. Government Accountability Office, 441 G St., NW, Rm. LM, Washington, D.C. 20548. 300 $a"GAO-06-155R." 320 $aIncludes bibliographical references. 517 $aPrivate Health Insurance 606 $aHealth insurance$zUnited States 606 $aInsurance companies$zUnited States 615 0$aHealth insurance 615 0$aInsurance companies 700 $aDicken$b John E$01382684 712 02$aUnited States.$bGovernment Accountability Office. 801 0$bGPO 801 1$bGPO 906 $aDOCUMENT 912 $a9910698298903321 996 $aPrivate health insurance$93427254 997 $aUNINA